000 00223 a2200097 4500
001 27692
100 _aHutchin, K
245 _aHeart disease and high blood pressure
260 _a
_bARCO Publisher
_c
090 _c18465
_d18465
942 _aNUST-CAE
_cM
_c9408
999 _c262765
_d262765